000 00859cam a22002775a 4500
008
020 _a9781849201353 (pbk.)
049 _aMAIN
090 _aLB1139.23
_bKAY
100 1 _aSambell, Kay.
245 1 0 _aStudying childhood and early childhood :
_ba guide for students /
_cKay Sambell, Sue Miller, Mel Gibson.
250 _a2nd ed.
260 _aLondon :
_bSage,
_c2010
300 _axvi,142 p. ;
_c25 cm.
500 _aIncludes index.
504 _aIncludes bibliographical references.
650 0 _aEarly childhood education
_xStudy and teaching.
650 0 _aEarly childhood teachers
_xTraining of.
700 1 _aMiller, Sue.
700 1 _aGibson, Mel.
907 _a.b10324781
_b30-10-13
_c11-12-12
003
005 20230123125510.0
040 _cNUST
942 _cBOOKS
_kLB1139.23
_mKAY
999 _c142590
_d142590